| 000 | 00618nam a2200253Ia 4500 | ||
|---|---|---|---|
| 003 | OSt | ||
| 005 | 20220924133522.0 | ||
| 006 | a|||||r|||| 00| 0 | ||
| 007 | ta | ||
| 008 | 220923b |||||||| |||| 00| 0 mar d | ||
| 020 | _a8174342433 (hbk) | ||
| 024 | _a266477 | ||
| 037 | _cTextual | ||
| 040 |
_aARTS _cARTS _bmar |
||
| 041 |
_2mar _amar |
||
| 082 | _aT:3, 155P3 | ||
| 100 |
_aAapate Achutaya Rao _9206698 |
||
| 245 | 0 | _aShikshan vedh | |
| 260 | _c2003 | ||
| 300 |
_a288p. _ccm. |
||
| 650 | _aEDUCATION | ||
| 942 |
_hT:3, 155P3 _cTEXL _2CC |
||
| 999 |
_c434144 _d434144 |
||